Nihon ni okeru keizairyoku shūchū no jittai : senzen sengo no keizairyoku shūchū chōsa /

Saved in:
书目详细资料
企业作者: Japan. Kōsei Torihiki Iinkai.
格式: 图书
语言:Japanese
出版: Tōkyō : Jitsugyō no Nihonsha, Shōwa 26 [1951]
主题:
标签: 添加标签
没有标签, 成为第一个标记此记录!
LEADER 01033nam a2200253 i 4500
001 007779331-5
005 20024617115958.0
008 890711s1951 ja 000 0 jpn
010 |a j 62001627 
035 0 |a ocm23317995 
040 |a DLC  |c MiU  |d OCoLC  |d *YNH*  |d CStRLIN 
043 |a a-ja--- 
050 0 0 |a HC462.9  |b .A56 
110 1 |6 880-01  |a Japan.  |b Kōsei Torihiki Iinkai. 
245 1 0 |6 880-02  |a Nihon ni okeru keizairyoku shūchū no jittai :  |b senzen sengo no keizairyoku shūchū chōsa /  |c Kōsei Torihiki Iinkai Chōsabu hen. 
260 |6 880-03  |a Tōkyō :  |b Jitsugyō no Nihonsha,  |c Shōwa 26 [1951] 
300 |a 4, 4, 247 p. :  |b diagrs., tables ;  |c 21 cm. 
650 0 |a Trusts, Industrial  |z Japan. 
650 0 |a Industries  |z Japan. 
880 1 |6 110-01  |a Japan.  |b 公正取引委員會. 
880 1 0 |6 245-02  |a 日本における経済力集中の実態 :  |b 戰前戰後の経済力集中度調查 /  |c 公正取引委員會調查部編. 
880 |6 260-03  |a 東京 :  |b 実業之日本社,  |c 昭和26 [1951] 
988 |a 20021214 
906 |0 DLC